000 00744nam a22002057a 4500
005 20251108171819.0
008 250721s1982 xx 000 0 ara d
082 1 4 _aط/184/فال
100 1 _aفالتزر، ر
245 1 0 _aأفلاطون :
_bتصوره لاله واحد و نظرة المسلمين في فلسفته /
264 1 _aبيروت :
_bدار الكتاب اللبناني،
_c1982.
300 _a116ص
490 0 _aكتب دائرة المعارف الإسلامية ؛ 8
650 1 7 _aالفلسفة القديمة
700 1 _aخورشيد، إبراهيم
_eترجمة
700 1 _aيونس، عبد الحميد
_eترجمة
700 1 _aعثمان، حسن
_eترجمة
942 _2ddc
_cBK
999 _c63231
_d63231